|
|
|
|
| LEADER |
00000cam a2200000 7i4500 |
| 001 |
0000007055 |
| 005 |
20151222.0 |
| 008 |
070828 |
| 020 |
|
|
|a 9833324681
|
| 090 |
0 |
0 |
|a JF
|b MOR J (6905)
|
| 245 |
0 |
0 |
|a Dendam Sang Serigala
|
| 260 |
|
|
|a Selangor :
|b Early Learner Publications ,
|c 2005
|
| 440 |
|
|
|a Siri cerita moral belantara
|
| 500 |
|
|
|a Children ages 7-9 years old (orange)
|
| 650 |
|
0 |
|a Jawi
|
| 650 |
|
0 |
|a Moral stories
|
| 999 |
|
|
|a 0000988394
|b Book
|c Children Collection
|e Cawangan Bandar Tenggara
|
| 999 |
|
|
|a 0000988395
|b Book
|c Children Collection
|e Cawangan Bandar Penawar
|
| 999 |
|
|
|a 0000988396
|b Book
|c Children Collection
|e Perbadanan Perpustakaan Awam Johor
|
| 999 |
|
|
|a 0000988397
|b Book
|c Children Collection
|e Perbadanan Perpustakaan Awam Johor
|
| 999 |
|
|
|a 0000988398
|b Book
|c Children Collection
|e Perbadanan Perpustakaan Awam Johor
|
| 999 |
|
|
|a 0001145256
|b Book
|c Children Collection
|e Cawangan Tangkak
|
| 999 |
|
|
|a 0001145257
|b Book
|c Children Collection
|e Cawangan Tmn. Ungku Tun Aminah
|